000 00589nam a2200217 a 4500
001 BRCA_7402
005 20190320205825.0
008 230313s1939----ag-c######---#000-0#spa-#
041 _aspa
044 _aag
050 4 _aQP90
_b.E37 1939
100 1 _aEhret, Arnaldo
_918264
245 1 0 _aAyuno racional para el rejuvenecimiento físico, mental y espiritual
_cArnaldo Ehret.
260 _aBuenos Aires
_bLibrería Kier
_c1939
300 _a86 p.
_bil., retratos
500 _aQ126
650 1 4 _aRejuvenecimiento
_918265
650 1 4 _aDietas
_915439
902 _aGFM
942 _2lcc
_cB
999 _c7078
_d7078